[Event "FIDE Women’s World Rapid Championships 2024"]
[White "Muzychuk, Mariya"]
[Black "Beydullayeva, Govhar"]
[Site "New York, USA"]
[Round "2"]
[Board "26"]
[Result "1/2-1/2"]
[Date "2024.12.26"]
[WhiteElo "2422"]
[BlackElo "2212"]
[PlyCount "96"]
[GameId "2127263830299038"]
[EventDate "2024.12.26"]
[EventType "rapid"]
[EventRounds "11"]
[EventCountry "FID"]

1. e4 e5 2. Nf3 Nc6 3. Nc3 Nf6 4. d4 exd4 5. Nxd4 Bb4 6. Nxc6 bxc6 7. Bd3 d5 8. exd5 O-O 9. O-O cxd5 10. h3 Be6 11. Qf3 c6 12. Bf4 Bd6 13. Rfe1 Rb8 14. b3 Re8 15. Rad1 Bxf4 16. Qxf4 Qa5 17. Na4 c5 18. Re3 Bd7 19. Rde1 Bxa4 20. bxa4 Red8 21. Re7 c4 22. Bf5 h6 23. Qd4 Qb6 24. Qe5 d4 25. a5 Qd6 26. Qxd6 Rxd6 27. Rxa7 g6 28. Bg4 Nxg4 29. hxg4 Rb2 30. Ree7 Rf6 31. a6 Rxc2 32. Rad7 Rxa2 33. a7 Kg7 34. Rxd4 c3 35. Rc4 Ra1+ 36. Kh2 Rfa6 37. Rcc7 Rf6 38. f3 Kf8 39. Red7 Ke8 40. Rd3 c2 41. Re3+ Kf8 42. Rec3 Rfa6 43. Rxc2 Rxa7 44. Rc8+ Kg7 45. Kg3 R1a2 46. Rxa2 Rxa2 47. Rc7 g5 48. Rc6 f6 1/2-1/2

[Event "FIDE Women’s World Rapid Championships 2024"]
[White "Tsolakidou, Stavroula"]
[Black "Melia, Salome"]
[Site "New York, USA"]
[Round "2"]
[Board "27"]
[Result "1/2-1/2"]
[Date "2024.12.26"]
[WhiteElo "2381"]
[BlackElo "2252"]
[PlyCount "66"]
[GameId "2127263830303135"]
[EventDate "2024.12.26"]
[EventType "rapid"]
[EventRounds "11"]
[EventCountry "FID"]

1. e4 c5 2. Nf3 Nc6 3. d4 cxd4 4. Nxd4 Nf6 5. Nc3 e5 6. Ndb5 d6 7. Nd5 Nxd5 8. exd5 Nb8 9. a4 Be7 10. Be2 O-O 11. O-O a6 12. Na3 Nd7 13. Bd2 f5 14. a5 e4 15. Nc4 f4 16. Bb4 Rf6 17. Re1 f3 18. gxf3 Rg6+ 19. Kh1 Nf6 20. Qd4 Bf5 21. Ne3 Qd7 22. Rg1 Rf8 23. c4 Rh6 24. Bc3 Rh4 25. Rg3 Rf7 26. Nxf5 Qxf5 27. fxe4 Qxe4+ 28. Qxe4 Nxe4 29. Rf3 Rxf3 30. Bxf3 Nxc3 31. bxc3 Rxc4 32. Rb1 Rxc3 33. Rxb7 Rxf3 1/2-1/2

[Event "FIDE Women’s World Rapid Championships 2024"]
[White "Kulon, Klaudia"]
[Black "Vaishali, Rameshbabu"]
[Site "New York, USA"]
[Round "2"]
[Board "28"]
[Result "0-1"]
[Date "2024.12.26"]
[WhiteElo "2258"]
[BlackElo "2355"]
[PlyCount "98"]
[GameId "2127263830303136"]
[EventDate "2024.12.26"]
[EventType "rapid"]
[EventRounds "11"]
[EventCountry "FID"]

1. c4 e5 2. g3 Nf6 3. Bg2 h6 4. Nc3 Bb4 5. Qc2 O-O 6. e3 c6 7. a3 Bxc3 8. dxc3 d5 9. cxd5 cxd5 10. Ne2 Nc6 11. O-O Be6 12. h3 e4 13. f4 exf3 14. Rxf3 Ne4 15. Kh2 Qg5 16. Rf4 Ne5 17. b3 Qh5 18. Rh4 Nf3+ 19. Bxf3 Qxf3 20. Rf4 Qh5 21. g4 Qe5 22. Kg2 f5 23. gxf5 Rxf5 24. Bb2 Rg5+ 25. Kf1 Bxh3+ 26. Ke1 Ng3 27. c4 Qxe3 28. Bd4 Qe7 29. cxd5 Re8 30. Ra2 Nxe2 31. Qxe2 Rg2 32. Bf2 Qd7 33. Re4 Rf8 34. Qc4 Bf5 35. Re5 Rc8 36. Qf4 Rf8 37. Rd2 Bg6 38. Qxf8+ Kxf8 39. Bc5+ Kg8 40. Rxg2 Qh3 41. Kf2 Qc3 42. Bd6 Qd4+ 43. Ke1 Qc3+ 44. Kf2 Qd4+ 45. Ke1 Be4 46. Re8+ Kh7 47. Rxg7+ Qxg7 48. Re7 Bxd5 49. b4 Bf7 0-1

[Event "FIDE Women’s World Rapid Championships 2024"]
[White "Khamdamova, Afruza"]
[Black "Javakhishvili, Lela"]
[Site "New York, USA"]
[Round "2"]
[Board "29"]
[Result "1-0"]
[Date "2024.12.26"]
[WhiteElo "2188"]
[BlackElo "2321"]
[PlyCount "67"]
[GameId "2127263830303137"]
[EventDate "2024.12.26"]
[EventType "rapid"]
[EventRounds "11"]
[EventCountry "FID"]

1. e4 e5 2. Nf3 Nc6 3. Bb5 Nf6 4. d3 Bc5 5. c3 O-O 6. O-O d5 7. exd5 Qxd5 8. Bc4 Qd8 9. b4 Bd6 10. Bg5 h6 11. Bh4 Bg4 12. h3 Bh5 13. g4 Bg6 14. Nbd2 a6 15. a4 Re8 16. Qe2 h5 17. Ne4 Be7 18. Bxf6 Bxf6 19. Kg2 Rb8 20. a5 Be7 21. Nfd2 h4 22. Qe3 Qd7 23. Rad1 Bd6 24. Qg5 Bxe4+ 25. Nxe4 Qe7 26. Qh5 Nd8 27. Ng5 Qf6 28. Rde1 e4 29. Qh7+ Kf8 30. Nxe4 Qh6 31. Nf6 Rxe1 32. Rxe1 Ne6 33. Qg8+ Ke7 34. Rxe6+ 1-0

[Event "FIDE Women’s World Rapid Championships 2024"]
[White "Jarocka, Liwia"]
[Black "Lu, Miaoyi"]
[Site "New York, USA"]
[Round "2"]
[Board "30"]
[Result "0-1"]
[Date "2024.12.26"]
[WhiteElo "2127"]
[BlackElo "2317"]
[PlyCount "110"]
[GameId "2127263830303138"]
[EventDate "2024.12.26"]
[EventType "rapid"]
[EventRounds "11"]
[EventCountry "FID"]

1. e4 e5 2. Nf3 Nc6 3. Bb5 Nf6 4. O-O Nxe4 5. d4 Nd6 6. Bxc6 dxc6 7. dxe5 Nf5 8. Qxd8+ Kxd8 9. Nc3 Be7 10. Bf4 Be6 11. Rad1+ Kc8 12. Bg5 Bb4 13. g4 Ne7 14. Bxe7 Bxe7 15. h3 h5 16. Nd4 Bd7 17. f3 Re8 18. Kg2 Bh4 19. f4 hxg4 20. hxg4 Bxg4 21. Rd3 c5 22. Nf3 Bd8 23. Rh1 b6 24. Nd5 Bf5 25. Rd2 Kb7 26. Re2 Kc6 27. Nc3 Be7 28. Kg3 Rad8 29. Nh4 Bc8 30. Nf3 Rh8 31. Reh2 Rxh2 32. Rxh2 Bf5 33. Ne1 b5 34. Kf3 Rd4 35. Ne2 Rd1 36. Ng3 Be6 37. Nd3 c4 38. Nf2 Rd2 39. Rh7 g6 40. Nfe4 Rxc2 41. Ne2 Rxb2 42. Nd4+ Kd5 43. Ke3 b4 44. Nb5 Kc6 45. Nd4+ Kd7 46. Nb5 c3 47. Rh1 Bxa2 48. Rd1+ Kc8 49. Nxa7+ Kb7 50. Nb5 c2 51. Rc1 b3 52. Nec3 Rb1 53. Kd2 Bc5 54. Nxb1 cxb1=Q 55. Rxc5 Kb6 0-1

[Event "FIDE Women’s World Rapid Championships 2024"]
[White "Guichard, Pauline"]
[Black "Kaldarova, Ayaulym"]
[Site "New York, USA"]
[Round "2"]
[Board "31"]
[Result "1-0"]
[Date "2024.12.26"]
[WhiteElo "2316"]
[BlackElo "2011"]
[PlyCount "153"]
[GameId "2127263830303139"]
[EventDate "2024.12.26"]
[EventType "rapid"]
[EventRounds "11"]
[EventCountry "FID"]

1. d4 e6 2. c4 Nf6 3. Nc3 Bb4 4. e3 b6 5. Nge2 Bb7 6. a3 Be7 7. Nf4 d5 8. cxd5 exd5 9. Be2 O-O 10. O-O c6 11. b4 Nbd7 12. b5 c5 13. dxc5 Nxc5 14. Bf3 Nce4 15. Bb2 Nxc3 16. Bxc3 Ne4 17. Bd4 Rc8 18. Qa4 Nc5 19. Qd1 Bd6 20. Bg4 Rc7 21. h3 Qg5 22. Nh5 Ne6 23. Rc1 Nxd4 24. Rxc7 Bxc7 25. Qxd4 Be5 26. Qa4 g6 27. Nf4 d4 28. Nd3 dxe3 29. f4 Qd8 30. Nxe5 h5 31. Bf3 Bxf3 32. Nxf3 Re8 33. Qd4 Qe7 34. a4 Rd8 35. Qe5 Qa3 36. Re1 Rd3 37. Ng5 Qb3 38. Kh2 h4 39. Qe8+ Kg7 40. Qe5+ Kg8 41. Rc1 Rd8 42. Rc3 Qa2 43. Rxe3 Rd2 44. Qe4 Kg7 45. Rc3 Rd7 46. Qe5+ f6 47. Qe6 Qd2 48. Qe3 Qxe3 49. Rxe3 fxg5 50. fxg5 Kf7 51. Rf3+ Ke6 52. Rf6+ Ke5 53. Rxg6 Rd4 54. Rc6 Rxa4 55. g6 Rd4 56. g7 Rd8 57. Rc7 Rg8 58. g3 hxg3+ 59. Kxg3 Kf6 60. Rxa7 Rc8 61. Rb7 Kg6 62. Rxb6+ Kxg7 63. Rc6 Ra8 64. b6 Ra3+ 65. Kf4 Kf7 66. Ke5 Ke7 67. Rc7+ Kd8 68. Rh7 Rb3 69. b7 Rb5+ 70. Kd6 Rb6+ 71. Kc5 Rb1 72. h4 Rc1+ 73. Kd4 Rd1+ 74. Kc3 Rb1 75. b8=Q+ Rxb8 76. Rh8+ Kc7 77. Rxb8 1-0

[Event "FIDE Women’s World Rapid Championships 2024"]
[White "Mamedjarova, Turkan"]
[Black "Sargsyan, Anna M."]
[Site "New York, USA"]
[Round "2"]
[Board "32"]
[Result "1-0"]
[Date "2024.12.26"]
[WhiteElo "2109"]
[BlackElo "2306"]
[PlyCount "77"]
[GameId "2127263830303140"]
[EventDate "2024.12.26"]
[EventType "rapid"]
[EventRounds "11"]
[EventCountry "FID"]

1. e4 e5 2. Nf3 Nc6 3. d4 exd4 4. Nxd4 Nf6 5. Nc3 Bb4 6. Nxc6 bxc6 7. Bd3 O-O 8. O-O Re8 9. Bg5 h6 10. Bh4 g5 11. Bg3 Bxc3 12. bxc3 Nxe4 13. Bxe4 Rxe4 14. Qh5 Qf6 15. Rae1 Rxe1 16. Rxe1 d6 17. h4 Be6 18. hxg5 Qxg5 19. Qf3 Bd5 20. Qd3 Rb8 21. c4 Be6 22. Qf3 Rb6 23. Re4 h5 24. Bh4 Qg6 25. Qf4 Rb4 26. a3 Ra4 27. Qe3 c5 28. Bd8 Rxa3 29. Qxa3 Qxe4 30. Bxc7 Qxc2 31. Qg3+ Kh7 32. Bxd6 Qxc4 33. Qg5 Qd5 34. Be5 Qd1+ 35. Kh2 Qg4 36. Qf6 Qg8 37. f4 a5 38. f5 Bd5 39. g4 1-0

[Event "FIDE Women’s World Rapid Championships 2024"]
[White "Paragua, Megan Althea"]
[Black "Lei, Tingjie"]
[Site "New York, USA"]
[Round "2"]
[Board "33"]
[Result "0-1"]
[Date "2024.12.26"]
[WhiteElo "2017"]
[BlackElo "2518"]
[PlyCount "74"]
[GameId "2127263830307237"]
[EventDate "2024.12.26"]
[EventType "rapid"]
[EventRounds "11"]
[EventCountry "FID"]

1. e4 e5 2. d4 exd4 3. Qxd4 Nc6 4. Qe3 g6 5. Nc3 Bg7 6. Bd2 Nf6 7. O-O-O O-O 8. Bc4 Re8 9. f3 Na5 10. Qd3 Nxc4 11. Qxc4 d6 12. g4 Be6 13. Qf1 b5 14. g5 Nd7 15. f4 Bc4 16. Qf3 Nc5 17. b3 b4 18. Nb1 Ba6 19. Bxb4 Nxe4 20. Qg2 Qd7 21. Nd2 Bb7 22. Ngf3 Qf5 23. Rhf1 a5 24. Ba3 Nc3 25. Rde1 Nxa2+ 26. Kb1 Nc3+ 27. Kc1 Qxf4 28. Qg3 Qf5 29. Nd4 Rxe1+ 30. Qxe1 Qd5 31. Ne2 Nxe2+ 32. Qxe2 a4 33. Bb2 Bxb2+ 34. Kxb2 axb3 35. Nxb3 Qxg5 36. Qc4 Qe5+ 37. Qc3 Ra2+ 0-1

[Event "FIDE Women’s World Rapid Championships 2024"]
[White "Krasteva, Beloslava"]
[Black "Kosteniuk, Alexandra"]
[Site "New York, USA"]
[Round "2"]
[Board "34"]
[Result "0-1"]
[Date "2024.12.26"]
[WhiteElo "2196"]
[BlackElo "2486"]
[PlyCount "61"]
[GameId "2127263830307238"]
[EventDate "2024.12.26"]
[EventType "rapid"]
[EventRounds "11"]
[EventCountry "FID"]

1. d4 Nf6 2. c4 e6 3. Nc3 Bb4 4. e3 d5 5. a3 Bxc3+ 6. bxc3 c6 7. cxd5 cxd5 8. a4 O-O 9. Ba3 Re8 10. Nf3 b6 11. Bb5 Bd7 12. Bd3 Nc6 13. O-O e5 14. Nxe5 Nxe5 15. dxe5 Rxe5 16. c4 dxc4 17. Bxc4 Be6 18. Be2 Rd5 19. Qe1 Rc8 20. Bf3 Rd7 21. Qb4 Nd5 22. Qb5 Nc3 23. Qe5 Nxa4 24. h3 Nc5 25. Bb2 f6 26. Qg3 Nb3 27. Rad1 Nd2 28. Bg4 Qe7 29. Rfe1 Rcd8 30. Rc1 Ne4 31. Qf3 0-1

[Event "FIDE Women’s World Rapid Championships 2024"]
[White "Mamedjarova, Zeinab"]
[Black "Koneru, Humpy"]
[Site "New York, USA"]
[Round "2"]
[Board "35"]
[Result "0-1"]
[Date "2024.12.26"]
[WhiteElo "2194"]
[BlackElo "2431"]
[PlyCount "104"]
[GameId "2127263830307239"]
[EventDate "2024.12.26"]
[EventType "rapid"]
[EventRounds "11"]
[EventCountry "FID"]

1. d4 Nf6 2. Nf3 e6 3. e3 b6 4. Be2 Bb7 5. O-O d5 6. Nbd2 Nbd7 7. b3 Be7 8. Bb2 O-O 9. c4 c5 10. cxd5 Bxd5 11. dxc5 Nxc5 12. Ne5 Rc8 13. Rc1 Qd6 14. Ndc4 Qb8 15. f3 Rfd8 16. Qe1 b5 17. e4 bxc4 18. exd5 exd5 19. Kh1 Bd6 20. Nxc4 dxc4 21. Bxc4 Re8 22. Qh4 Be5 23. Bxe5 Qxe5 24. Rfe1 Qb2 25. Rb1 Qc2 26. h3 h6 27. Qd4 Red8 28. Qh4 Rc7 29. Rbc1 Qf5 30. Qg3 Rdc8 31. Re5 Qd7 32. Rce1 Qd8 33. Kh2 Rd7 34. Rf5 Kf8 35. Ree5 Nb7 36. Rf4 Rc5 37. Rxc5 Nxc5 38. Rf5 Qc7 39. Re5 Kg8 40. f4 Nce4 41. Qe3 Nd6 42. Bd3 Qb7 43. Be2 g6 44. Bf3 Qb6 45. Qc3 Rc7 46. Qd2 Kg7 47. Re2 Nf5 48. Re5 Rd7 49. Qe1 Qd4 50. Qc1 Qf2 51. Re2 Qg3+ 52. Kh1 Nd4 0-1

[Event "FIDE Women’s World Rapid Championships 2024"]
[White "Kaliakhmet, Elnaz"]
[Black "Huang, Qian"]
[Site "New York, USA"]
[Round "2"]
[Board "36"]
[Result "1-0"]
[Date "2024.12.26"]
[WhiteElo "2162"]
[BlackElo "2399"]
[PlyCount "135"]
[GameId "2127263830307240"]
[EventDate "2024.12.26"]
[EventType "rapid"]
[EventRounds "11"]
[EventCountry "FID"]

1. d4 d5 2. c4 c6 3. Nf3 Nf6 4. Nc3 g6 5. cxd5 cxd5 6. Bf4 Bg7 7. e3 O-O 8. Be2 Nc6 9. h3 Qb6 10. Nb5 Qa5+ 11. Nd2 Ne4 12. a3 e5 13. dxe5 Nxe5 14. Nd4 Bd7 15. b4 Qb6 16. Nxe4 dxe4 17. O-O a5 18. bxa5 Rxa5 19. Rb1 Qa7 20. Nb5 Bxb5 21. Bxb5 Qc5 22. a4 Raa8 23. Rc1 Qb4 24. Qd5 Rad8 25. Qxb7 Nd3 26. Rc4 Qa3 27. Qxe4 Nxf4 28. Qxf4 Rd5 29. Qf3 Rf5 30. Rf4 Rxf4 31. Qxf4 Qc5 32. Rd1 Be5 33. Qe4 Kg7 34. Qd5 Qc3 35. g3 h5 36. h4 Bf6 37. Rd3 Qa1+ 38. Kg2 Rd8 39. Qc4 Rxd3 40. Qxd3 Qa2 41. Qd7 Bc3 42. Qd3 Qb2 43. Qe4 Ba5 44. Qa8 Qc3 45. Qd5 Qc7 46. Bc4 Bc3 47. Bb5 Ba5 48. Qd4+ Kh7 49. Bc4 Kg8 50. Bd5 Bc3 51. Qc4 Qxc4 52. Bxc4 Kf8 53. e4 Ke7 54. f4 Be1 55. Kf3 Kf8 56. g4 hxg4+ 57. Kxg4 Ke7 58. h5 gxh5+ 59. Kxh5 Bd2 60. Kg5 Bc3 61. Kf5 f6 62. Bb3 Kd6 63. a5 Ke7 64. a6 Bd4 65. Bc4 Kf8 66. Ke6 Ke8 67. Kd5 Be3 68. Kc6 1-0

[Event "FIDE Women’s World Rapid Championships 2024"]
[White "Khotenashvili, Bella"]
[Black "Nurgaliyeva, Zarina"]
[Site "New York, USA"]
[Round "2"]
[Board "37"]
[Result "1-0"]
[Date "2024.12.26"]
[WhiteElo "2394"]
[BlackElo "2175"]
[PlyCount "39"]
[GameId "2127263830307241"]
[EventDate "2024.12.26"]
[EventType "rapid"]
[EventRounds "11"]
[EventCountry "FID"]

1. Nf3 d5 2. g3 b6 3. Bg2 Bb7 4. O-O e6 5. d3 Be7 6. Nbd2 Nf6 7. e4 dxe4 8. dxe4 Nxe4 9. Ne5 Nd6 10. Bxb7 Nxb7 11. Qf3 Qd5 12. Qxf7+ Kd8 13. Qxg7 Rf8 14. c4 Qc5 15. Ne4 Qa5 16. Bg5 Re8 17. Bxe7+ Rxe7 18. Qf8+ Re8 19. Nf7+ Kd7 20. Nf6+ 1-0

[Event "FIDE Women’s World Rapid Championships 2024"]
[White "Lyutsinger, Iren"]
[Black "Divya, Deshmukh"]
[Site "New York, USA"]
[Round "2"]
[Board "38"]
[Result "1-0"]
[Date "2024.12.26"]
[WhiteElo "2140"]
[BlackElo "2393"]
[PlyCount "123"]
[GameId "2127263830307242"]
[EventDate "2024.12.26"]
[EventType "rapid"]
[EventRounds "11"]
[EventCountry "FID"]

1. e4 e6 2. d4 d5 3. Nc3 Nf6 4. Bg5 dxe4 5. Nxe4 Nbd7 6. Nf3 h6 7. Bxf6 Nxf6 8. Bd3 Bd6 9. Qe2 Bd7 10. Ne5 Bxe5 11. dxe5 Nd5 12. Qg4 Qe7 13. a3 O-O-O 14. O-O-O f5 15. exf6 gxf6 16. Qh4 Rdf8 17. Rhe1 Kb8 18. Bf1 Bc6 19. f4 Nb6 20. Qf2 Qf7 21. Nc5 Re8 22. g3 Re7 23. Bg2 Bxg2 24. Qxg2 c6 25. Qd2 Rhe8 26. Qd6+ Kc8 27. a4 e5 28. fxe5 fxe5 29. b3 e4 30. Rxe4 Rxe4 31. Nxe4 Nd5 32. Qxd5 Qxd5 33. Rxd5 Rxe4 34. Rd6 h5 35. Rh6 Re5 36. Rh7 a5 37. Kd2 Kb8 38. Kd3 Ka7 39. h4 Ka6 40. Rg7 Rd5+ 41. Ke3 Re5+ 42. Kf4 Re2 43. Kg5 Rxc2 44. Kxh5 Rc3 45. Rg4 Rxb3 46. Kg6 Rb4 47. Rg5 b5 48. h5 bxa4 49. h6 a3 50. h7 Rb8 51. Rc5 a4 52. Rc3 a2 53. Ra3 Ka5 54. Rxa2 c5 55. Rc2 a3 56. Rxc5+ Ka4 57. Rc7 Ra8 58. Ra7+ Rxa7 59. h8=Q Ra6+ 60. Kh5 Ra5+ 61. Kh4 a2 62. Qb2 1-0

[Event "FIDE Women’s World Rapid Championships 2024"]
[White "Narva, Mai"]
[Black "Ouellet, Maili-Jade"]
[Site "New York, USA"]
[Round "2"]
[Board "39"]
[Result "1/2-1/2"]
[Date "2024.12.26"]
[WhiteElo "2384"]
[BlackElo "2149"]
[PlyCount "94"]
[GameId "2127263830307243"]
[EventDate "2024.12.26"]
[EventType "rapid"]
[EventRounds "11"]
[EventCountry "FID"]

1. e4 c5 2. Nf3 Nc6 3. Bb5 e6 4. O-O Nge7 5. d4 cxd4 6. Nxd4 Ng6 7. Be2 Be7 8. c4 O-O 9. Nc3 b6 10. Be3 Bb7 11. Qd2 Nxd4 12. Bxd4 Bb4 13. f3 d5 14. cxd5 exd5 15. e5 Ne7 16. a3 Bc5 17. Rad1 Nf5 18. Bxc5 bxc5 19. Bd3 Nd4 20. Bb1 Re8 21. f4 f6 22. b4 fxe5 23. fxe5 Rxe5 24. bxc5 Ne6 25. Ba2 Qc7 26. Nxd5 Qxc5+ 27. Kh1 Kh8 28. Rfe1 Rxe1+ 29. Rxe1 Qd6 30. Qb4 Nc5 31. Nf4 Rf8 32. Ne6 Qc6 33. Qg4 Nxe6 34. Bxe6 Qc3 35. Qg3 Qd2 36. Rg1 Qe2 37. Bg4 Qd2 38. h3 h6 39. Bh5 Be4 40. Bg6 Qc2 41. Qd6 Rg8 42. Bxe4 Qxe4 43. Qc5 a6 44. Rf1 Re8 45. Qc3 Qe3 46. Rf8+ Kh7 47. Rf3 Qxc3 1/2-1/2

[Event "FIDE Women’s World Rapid Championships 2024"]
[White "Belenkaya, Dina"]
[Black "Krush, Irina"]
[Site "New York, USA"]
[Round "2"]
[Board "40"]
[Result "0-1"]
[Date "2024.12.26"]
[WhiteElo "2136"]
[BlackElo "2382"]
[PlyCount "118"]
[GameId "2127263830311340"]
[EventDate "2024.12.26"]
[EventType "rapid"]
[EventRounds "11"]
[EventCountry "FID"]

1. d4 g6 2. c4 Bg7 3. Nc3 c5 4. d5 Bxc3+ 5. bxc3 e5 6. h4 d6 7. h5 h6 8. hxg6 fxg6 9. Nf3 Qf6 10. Qa4+ Nd7 11. Nd2 Qg7 12. g3 Ngf6 13. Bh3 Kd8 14. Rb1 Kc7 15. Qb5 g5 16. a4 Nf8 17. a5 Rb8 18. Bxc8 Kxc8 19. Nf1 Ng6 20. Ne3 Ne7 21. f3 h5 22. Bd2 Nd7 23. Kf2 a6 24. Qb2 Kc7 25. Qc2 g4 26. Rbg1 Rbf8 27. Kg2 gxf3+ 28. exf3 h4 29. g4 h3+ 30. Kf2 Qf6 31. Rg3 h2 32. Ng2 Ng6 33. g5 Qf7 34. Qe4 Rh5 35. Qg4 Rfh8 36. Ke1 Qe7 37. Kf2 Qd8 38. Qe6 Re8 39. Qg4 Reh8 40. Qe6 Ngf8 41. Qf7 R8h7 42. Qf5 Qe8 43. Ne3 Ng6 44. Ng4 Rf7 45. Qe4 Rfh7 46. Nf6 Nxf6 47. gxf6 Nf8 48. Rg7+ Rxg7 49. fxg7 Nd7 50. Qg4 Nf6 51. Qg2 Qf7 52. Ke2 Rh7 53. Rxh2 Rxg7 54. Qh3 Rh7 55. Qg2 Rxh2 56. Qxh2 Qg6 57. Qh3 Qc2 58. Qh6 Nd7 59. Qh7 Qxh7 0-1

[Event "FIDE Women’s World Rapid Championships 2024"]
[White "Sevcikova, Lucia"]
[Black "Bulmaga, Irina"]
[Site "New York, USA"]
[Round "2"]
[Board "41"]
[Result "0-1"]
[Date "2024.12.26"]
[WhiteElo "2132"]
[BlackElo "2378"]
[PlyCount "108"]
[GameId "2127263830311341"]
[EventDate "2024.12.26"]
[EventType "rapid"]
[EventRounds "11"]
[EventCountry "FID"]

1. d4 Nf6 2. c4 e6 3. Nc3 Bb4 4. Qc2 b6 5. Nf3 Bb7 6. e3 O-O 7. Bd3 c5 8. O-O Bxf3 9. gxf3 cxd4 10. exd4 Nc6 11. Ne2 d5 12. c5 bxc5 13. a3 c4 14. Bxc4 dxc4 15. Qxc4 Qb6 16. axb4 Nxb4 17. Bd2 Nbd5 18. b4 Rac8 19. Qb3 Rb8 20. Rfb1 h6 21. b5 Rfc8 22. Qd3 Rb7 23. Ra6 Qc7 24. Rc1 Qd7 25. Rxc8+ Qxc8 26. Rc6 Qd7 27. Qc4 Nc7 28. Nc3 Nfd5 29. Nxd5 Nxd5 30. Ba5 Qe7 31. Rc8+ Kh7 32. Bd2 Qf6 33. Qd3+ g6 34. Rc5 Rd7 35. Qe4 Kg7 36. Be3 g5 37. Qe5 Qxe5 38. dxe5 Nc7 39. f4 Kg6 40. fxg5 hxg5 41. Kg2 Kf5 42. Kf3 Nd5 43. Bd4 Nf4 44. Rc4 g4+ 45. Ke3 Rb7 46. Rc5 a6 47. f3 gxf3 48. bxa6 Rb3+ 49. Rc3 Nd5+ 50. Kd2 Nxc3 51. Bxc3 Ra3 52. Bd4 Rxa6 53. Ke3 Ra3+ 54. Kf2 Kf4 0-1

[Event "FIDE Women’s World Rapid Championships 2024"]
[White "Khademalsharieh, Sarasadat"]
[Black "Melekhina, Alisa"]
[Site "New York, USA"]
[Round "2"]
[Board "42"]
[Result "1-0"]
[Date "2024.12.26"]
[WhiteElo "2359"]
[BlackElo "2139"]
[PlyCount "125"]
[GameId "2127263830311342"]
[EventDate "2024.12.26"]
[EventType "rapid"]
[EventRounds "11"]
[EventCountry "FID"]

1. d4 Nf6 2. c4 g6 3. g3 Bg7 4. Bg2 d6 5. Nc3 O-O 6. Nf3 c5 7. dxc5 dxc5 8. O-O Nc6 9. Bf4 Bf5 10. Ne5 Nxe5 11. Bxe5 Qb6 12. Qc1 Rac8 13. Re1 Bd7 14. e4 Rfe8 15. b3 Bc6 16. Nd5 Bxd5 17. exd5 Nd7 18. Bxg7 Kxg7 19. Re4 e5 20. dxe6 Rxe6 21. Rxe6 Qxe6 22. Bxb7 Re8 23. Qd2 Ne5 24. Rd1 Qf6 25. Qc3 Re7 26. Bd5 g5 27. Kg2 g4 28. Re1 h5 29. Re4 Qf3+ 30. Qxf3 gxf3+ 31. Kh3 f6 32. Re3 Rd7 33. a3 a5 34. Bxf3 Nxf3 35. Rxf3 Rd2 36. Rf5 Rb2 37. Rxc5 Rxb3 38. Rxa5 Rc3 39. Rxh5 Rxc4 40. Ra5 Rc2 41. Kg2 Kg6 42. g4 Rc3 43. f3 Rb3 44. Kg3 Rc3 45. h4 Rb3 46. Ra6 Kg7 47. g5 fxg5 48. hxg5 Rc3 49. Kg4 Rc1 50. f4 Rc4 51. a4 Rd4 52. a5 Rc4 53. Ra8 Rb4 54. a6 Ra4 55. Kf5 Ra5+ 56. Ke6 Kg6 57. f5+ Kxg5 58. f6 Ra1 59. f7 Re1+ 60. Kd5 Rd1+ 61. Kc4 Rc1+ 62. Kd3 Rd1+ 63. Ke4 1-0

[Event "FIDE Women’s World Rapid Championships 2024"]
[White "Sahithi, Varshini M"]
[Black "Mkrtchyan, Mariam"]
[Site "New York, USA"]
[Round "2"]
[Board "43"]
[Result "1-0"]
[Date "2024.12.26"]
[WhiteElo "2329"]
[BlackElo "2136"]
[PlyCount "109"]
[GameId "2127263830311343"]
[EventDate "2024.12.26"]
[EventType "rapid"]
[EventRounds "11"]
[EventCountry "FID"]

1. e4 e5 2. Nf3 Nc6 3. Bb5 a6 4. Ba4 Nf6 5. O-O Nxe4 6. d4 b5 7. Bb3 d5 8. dxe5 Be6 9. c3 Bc5 10. Nbd2 O-O 11. Bc2 Nxf2 12. Rxf2 Bxf2+ 13. Kxf2 f6 14. Nf1 fxe5 15. Kg1 Qd6 16. Be3 Rad8 17. Qe1 Bf5 18. Bb3 Na5 19. Bf2 e4 20. Nd4 Bc8 21. Qe3 c5 22. Ne2 Nb7 23. Rd1 Be6 24. h3 h6 25. Bc2 Qe7 26. b4 cxb4 27. Nd4 Bd7 28. Bb3 Be8 29. cxb4 Qxb4 30. Ne6 Bc6 31. Nxd8 Rxd8 32. Qb6 Qd6 33. Bd4 Qd7 34. Ne3 Nd6 35. Nxd5 Nc4 36. Nb4 Bb7 37. Qc5 Kh7 38. Bc3 Qe8 39. Rxd8 Qxd8 40. Bxc4 bxc4 41. Qxc4 Qd1+ 42. Qf1 Qd7 43. Nc2 Bd5 44. a3 Bf7 45. Ne3 Be6 46. Qf4 Qd3 47. Be5 a5 48. Kh2 Kg8 49. Qg3 Qd7 50. Bc3 a4 51. Qb8+ Kh7 52. Qe5 Kg8 53. Qxe4 Bf7 54. Nf5 Qc7+ 55. Be5 1-0

[Event "FIDE Women’s World Rapid Championships 2024"]
[White "Danielian, Elina"]
[Black "Serikbay, Assel"]
[Site "New York, USA"]
[Round "2"]
[Board "44"]
[Result "1-0"]
[Date "2024.12.26"]
[WhiteElo "2301"]
[BlackElo "2121"]
[PlyCount "95"]
[GameId "2127263830311344"]
[EventDate "2024.12.26"]
[EventType "rapid"]
[EventRounds "11"]
[EventCountry "FID"]

1. d4 d5 2. Nf3 e6 3. Bf4 c5 4. e3 Nc6 5. c3 Bd6 6. Bg3 Nf6 7. Nbd2 Qe7 8. Ne5 cxd4 9. exd4 Bxe5 10. dxe5 Nd7 11. f4 f6 12. exf6 Qxf6 13. Be2 Ne7 14. Qc2 O-O 15. O-O b6 16. Rae1 Nf5 17. Bf2 Bb7 18. Nf3 Rac8 19. Bb5 Nc5 20. Bxc5 Rxc5 21. Bd7 Kh8 22. Bxe6 Nd4 23. Nxd4 Qxd4+ 24. Qf2 Qf6 25. Re5 Ba6 26. Rfe1 Qxf4 27. Qxf4 Rxf4 28. Bxd5 Rf8 29. Bf3 Rxe5 30. Rxe5 Rd8 31. Re7 Bc4 32. b3 Bg8 33. Rxa7 g6 34. c4 Rd2 35. h3 Be6 36. Kh2 h5 37. Kg3 Rd4 38. Kf2 Bd7 39. Ke3 Rd6 40. Bd5 Kg7 41. h4 Kf6 42. Kd4 Kf5 43. a4 Be8 44. Ra6 Kg4 45. Ke5 Rd8 46. Rxb6 Kxh4 47. a5 Kg3 48. a6 1-0

[Event "FIDE Women’s World Rapid Championships 2024"]
[White "Foisor, Sabina-Francesca"]
[Black "Nilssen, Ellen Fredericia"]
[Site "New York, USA"]
[Round "2"]
[Board "45"]
[Result "0-1"]
[Date "2024.12.26"]
[WhiteElo "2296"]
[BlackElo "2071"]
[PlyCount "128"]
[GameId "2127263830311345"]
[EventDate "2024.12.26"]
[EventType "rapid"]
[EventRounds "11"]
[EventCountry "FID"]

1. d4 d5 2. Nf3 Nf6 3. e3 g6 4. b3 Bg7 5. Bb2 c5 6. Bb5+ Nc6 7. O-O cxd4 8. exd4 O-O 9. Nbd2 Bf5 10. c3 Rc8 11. Re1 Ne4 12. Nxe4 Bxe4 13. Nd2 Bf5 14. Nf3 Be4 15. h3 a6 16. Bf1 Re8 17. Ng5 Bf5 18. g4 Bd7 19. Bg2 e5 20. Nxf7 Kxf7 21. Bxd5+ Be6 22. Qf3+ Kg8 23. Bxe6+ Rxe6 24. d5 Rf6 25. Qg2 Nb8 26. c4 Nd7 27. Re2 b5 28. Rc1 bxc4 29. Rxc4 Rxc4 30. bxc4 Rf4 31. d6 Qc8 32. Qd5+ Kh8 33. Rc2 Nb6 34. Qd3 Nd7 35. c5 Qc6 36. Rd2 Qxc5 37. Rc2 Qb5 38. Qxb5 axb5 39. Rc7 Rf7 40. Rb7 e4 41. Bxg7+ Kxg7 42. Rxb5 Kf6 43. Rb4 Ke5 44. a4 Nc5 45. a5 Kxd6 46. Rb6+ Kd5 47. h4 Ra7 48. h5 gxh5 49. gxh5 Rxa5 50. Rf6 Ra7 51. Rf5+ Kd4 52. Rg5 Ne6 53. Rf5 Rg7+ 54. Kh2 Rg5 55. Rxg5 Nxg5 56. Kg3 Ke5 57. Kg4 h6 58. Kg3 Kf5 59. Kh4 Nf3+ 60. Kh3 Kf4 61. Kg2 Kg4 62. Kf1 Kxh5 63. Ke2 Kg4 64. Ke3 h5 0-1